| 000 | 00493 a2200133 4500 | ||
|---|---|---|---|
| 001 | ART_62756 | ||
| 005 | 20260410161612.0 | ||
| 008 | 260409a | ||
| 245 | 1 | 0 | _aLey 27743, medidas fiscales paliativas y relevantes: accionar y consecuencia en los estados contables y en los informes del auditor |
| 100 | 1 | _aTorchelli, Valeria | |
| 700 | 1 | _aSimaro, Gustavo | |
| 700 | 1 | _aAlbanese, Diana | |
| 773 | 0 |
_tProfesional & Empresaria _g- Año XXVI, Nº 303 (mayo/jun. 2025) _wREV70 |
|
| 999 |
_c10704 _d10704 |
||